00602 2200217 4500001002100000005001500021035002000036007000300056008004100059082000800100084001200108245007800120250001000198260004900208300003300257650002400290711002400314711002200338990001200360990001200372INLIS00000000001753620241112104843 a0010-1124000001ta241112 g 0 ind  a297 a297 TEM aTembus CPNS Jalur Langit /c@cpnsjalurlangit.id; editor, Tim Jalur Langit acet.1 aYogyakarta :bJalur Langit Publishing,c2023 av, 55 hal. :bilus. ;c20 cm 4aISLAM.SUMBER AJARAN0 a@CPNSJALURLANGIT.ID0 aTIM, Jalur Langit a12351 a a12351 a